[Event "Gothenburg Kvibergspelen"]
[Site "Gothenburg"]
[Date "2019.05.10"]
[Round "1"]
[White "Berntsson, Jonas"]
[Black "Rydstrom, Tom"]
[Result "0-1"]
[WhiteElo "1929"]
[BlackElo "2365"]
[PlyCount "86"]
[EventDate "2019.05.10"]
[EventType "swiss"]
[EventRounds "8"]
[EventCountry "SWE"]
[SourceTitle "CBM 190 Extra"]
[Source "ChessBase"]
[SourceDate "2019.07.15"]
[SourceVersion "1"]
[SourceVersionDate "2019.07.15"]
[SourceQuality "1"]

1. d4 e6 2. c4 b6 3. e4 Bb7 4. Nc3 Bb4 5. Bd3 f5 6. Qc2 Nf6 7. d5 fxe4 8. Bxe4 Nxe4 9. Qxe4 0-0 10. Nge2 exd5 11. cxd5 Bxc3+ 12. bxc3 Re8 13. Qd4 Ba6 14. Be3 d6 15. Qd2 Nd7 16. 0-0 Ne5 17. Bd4 Nf3+ 18. gxf3 Bxe2 19. Rfe1 Bxf3 20. Rxe8+ Qxe8 21. Qg5 Qg6 22. Qxg6 hxg6 23. Re1 Kf7 24. c4 Rh8 25. Re3 Bg4 26. Kg2 Bf5 27. Ra3 a5 28. Be3 Rh4 29. Rc3 Bb1 30. a3 Ba2 31. f4 a4 32. Kg3 Rh8 33. Rc2 Re8 34. Kf3 Bb3 35. Rc1 Re7 36. Bf2 Re8 37. Bh4 Rh8 38. Kg3 Ra8 39. Kf3 Re8 40. Bg5 Rh8 41. Kg3 Ra8 42. Re1 Re8 43. Rxe8 Kxe8 0-1

[Event "Hallstahammar op"]
[Site "Hallstahammar"]
[Date "2003.09.13"]
[Round "4"]
[White "Berntsson, Jonas"]
[Black "Forsberg, Viktor"]
[Result "0-1"]
[WhiteElo "1646"]
[BlackElo "2141"]
[PlyCount "74"]
[EventDate "2003.09.12"]
[EventType "swiss"]
[EventRounds "7"]
[EventCountry "SWE"]
[SourceTitle "CBM 096 Extra"]
[Source "ChessBase"]
[SourceDate "2003.10.22"]
[SourceVersion "2"]
[SourceVersionDate "2003.10.20"]
[SourceQuality "1"]

1. c4 e5 2. g3 Nf6 3. Bg2 Nc6 4. Nc3 a6 5. d3 Bc5 6. Nf3 d6 7. Bg5 Bb4 8. 0-0 Bxc3 9. bxc3 h6 10. Bxf6 Qxf6 11. Qa4 Bd7 12. Rab1 Rb8 13. Nd2 0-0 14. Rb2 Qe7 15. Rfb1 Nd8 16. Qc2 b6 17. e3 a5 18. d4 Rc8 19. Nb3 Ne6 20. Nc1 f5 21. Bd5 e4 22. Ne2 g5 23. Nc1 Kh8 24. Bxe6 Bxe6 25. Qe2 Bd7 26. Nb3 a4 27. Nd2 Rce8 28. Qh5 Rf6 29. Kh1 Rg8 30. Qe2 Be8 31. Rg1 h5 32. Rbb1 Rh6 33. h3 Bc6 34. d5 Bd7 35. Rbf1 h4 36. f4 g4 37. Qg2 hxg3 0-1